Tiếp nối /

Sparad:
Bibliografiska uppgifter
Huvudupphovsman: Phạm Quốc Ca.
Materialtyp: Artikel
Språk:Vietnamese
Taggar: Lägg till en tagg
Inga taggar, Lägg till första taggen!
Thư viện lưu trữ: Thư viện Trường Đại học Đà Lạt
LEADER 00567nam a2200217 4500
001 DLU130148984
005 ##20130529
040 # # |a DLU  |b vie 
041 # # |a vie 
044 # # |a vn 
100 # # |a Phạm Quốc Ca. 
245 # # |a Tiếp nối /  |c Phạm Quốc Ca. 
773 # # |t Lang Bian  |g Số 107, 2012, tr. 63 
920 # # |a Phòng Tạp chí -- Trung tâm Thông tin - Thư viện Trường Đại học Đà Lạt 
900 # # |a True 
911 # # |a Phan Ngọc Đông 
925 # # |a G 
926 # # |a A 
927 # # |a BB 
980 # # |a Thư viện Trường Đại học Đà Lạt